| 000 -LEADER |
| fixed length control field |
00405cam a22001337a 4500 |
| 008 - FIXED-LENGTH DATA ELEMENTS--GENERAL INFORMATION |
| fixed length control field |
180718b1962 xxu||||| |||| 00| 0 eng d |
| 082 ## - DEWEY DECIMAL CLASSIFICATION NUMBER |
| Classification number |
Dx42 R728 |
| 100 ## - MAIN ENTRY--PERSONAL NAME |
| Personal name |
Rose, Saul |
| 245 ## - TITLE STATEMENT |
| Title |
Britain and south-east asia |
| Statement of responsibility, etc. |
by Saul Rose |
| 260 ## - PUBLICATION, DISTRIBUTION, ETC. |
| Place of publication, distribution, etc. |
London |
| Name of publisher, distributor, etc. |
Chatto & Windus |
| Date of publication, distribution, etc. |
1962 |
| 300 ## - PHYSICAL DESCRIPTION |
| Extent |
208p |
| 650 ## - SUBJECT ADDED ENTRY--TOPICAL TERM |
| Topical term or geographic name entry element |
Southeast Asia --Relations --Great Britain |
| 650 ## - SUBJECT ADDED ENTRY--TOPICAL TERM |
| Topical term or geographic name entry element |
Great Britain --Relations --Southeast Asia |